00590nam a22001577a 4500020001800000082001400018100002300032245006200055260004600117300002400163500002000187650007100207942000700278999001700285952013000302 a9788131785935 a621.3 BAL aBali, Surinder PAl aElectrical technology: electrical fundamentals (Volume-I) aNew Delhi, IndiabPearson Educationc2013 axii, 592 p.bill. ; aIncludes index. a1. Optical communications. 2. Broadcasting. 3. Telecommunication. cBK c12609d12609 001040708NFICaCLbCLcGENd2013-12-27eAllied Book Companyg400.00l0o621.3 BALpSEECS013016r2014-01-11w2014-01-11yBK